=LDR 00000nam 2200000 4500 =001 INLIS000000000053637 =005 20200908071706 =035 ##$$a 0010-1118000012 =007 ta =008 200908################g##########0#ind## =020 ##$$a 979-3237-49-x =082 ##$$a 305.8 =084 ##$$a 305.8 LIV l =100 #$$a Afshar, Haleh...[Et Al] =245 1#$$a Living together in plural societies : $b Pengalaman Indonesia - Inggris /$c Afshar, Haleh...[Et Al] =250 ##$$a Cet. 1 =260 ##$$a Yogyakarta :$b Pustaka pelajar,$c 2002 =300 ##$$a xxxi,342 hlm : $b Ilus ; $c 20 x 12 cm =650 #4$$a Sosial =990 ##$$a 20706850 =990 ##$$a 20706851 =990 ##$$a 20706853